000 00793nam a2200217Ia 4500
003 GCL
008 140319s9999 xx 000 0 ara d
040 _aGCL /
_cGCL
082 0 4 _a301.31
_bم م
100 1 _aمحمد الحديدى
245 1 0 _aما بعد عصر النفط: تصميم اقتصاد قائم على الطاقة الشمسية /
_cمحمد الحديدى
700 1 _aفلافين، كريستوفر
700 1 _aلينسن، نيكولاس
260 _a[S.N] :
_bالدار الدولية للنشر والتوزيع ،
_c1992
300 _a91 ص
490 _aمعهد مراقبة البيئة العالمية ورلد واتش
_v0
650 0 4 _aالطاقة
650 0 4 _aالطاقة الشمسية
650 0 4 _aالبيئة - علم
942 _2ddc
_cBK
999 _c53812
_d53812